Southville International School and Colleges
Your cart is empty.
  • Cart
  • Lists
    Public lists Eva Luna New books Lux_list list_1
    Your lists Log in to create your own lists
  • Log in to your account
  • Your cookies
  • Search history
Southville International School and Colleges
  • Advanced search
  • Recent comments
  • Most popular
  • Libraries

Log in to your account

Log in with GOOGLE


If you do not have an external account, but do have a local account, you can still log in:

  1. Home
  2. MARC view: Hitler youth :
Normal view MARC view ISBD view

Hitler youth : (Record no. 34036)

[ view plain ]
MARC details
000 -LEADER
fixed length control field 01625cam a22003854a 4500
001 - CONTROL NUMBER
control field 13626612
003 - CONTROL NUMBER IDENTIFIER
control field OSt
005 - DATE AND TIME OF LATEST TRANSACTION
control field 20140310184400.0
008 - FIXED-LENGTH DATA ELEMENTS--GENERAL INFORMATION
fixed length control field 040617s2005 nyuab j b 001 0 eng
010 ## - LIBRARY OF CONGRESS CONTROL NUMBER
LC control number 2004051040
020 ## - INTERNATIONAL STANDARD BOOK NUMBER
International Standard Book Number 0439862736
040 ## - CATALOGING SOURCE
Original cataloging agency DLC
Transcribing agency DLC
Modifying agency DLC
042 ## - AUTHENTICATION CODE
Authentication code pcc
-- lcac
043 ## - GEOGRAPHIC AREA CODE
Geographic area code e-gx---
050 00 - LIBRARY OF CONGRESS CALL NUMBER
Classification number DD 253.5
Item number .B37 2006
100 1# - MAIN ENTRY--PERSONAL NAME
Personal name Bartoletti, Susan Campbell.
9 (RLIN) 25745
245 10 - TITLE STATEMENT
Title Hitler youth :
Remainder of title growing up in Hitler's shadow /
Statement of responsibility, etc Susan Campbell Bartoletti.
260 ## - PUBLICATION, DISTRIBUTION, ETC. (IMPRINT)
Place of publication, distribution, etc New York :
Name of publisher, distributor, etc Scholastic Inc.,
Date of publication, distribution, etc 2006.
300 ## - PHYSICAL DESCRIPTION
Extent 176 p. :
Other physical details ill. ;
Dimensions 23 cm.
500 ## - GENERAL NOTE
General note Includes bibliographical references (p. 169-173) and index.
521 ## - TARGET AUDIENCE NOTE
Target audience note
526 ## - STUDY PROGRAM INFORMATION NOTE
Reading level 1050
610 20 - SUBJECT ADDED ENTRY--CORPORATE NAME
Corporate name or jurisdiction name as entry element Hitler-Jugend
Form subdivision Juvenile literature.
9 (RLIN) 25746
650 #0 - SUBJECT ADDED ENTRY--TOPICAL TERM
Topical term or geographic name as entry element National socialism and youth
Form subdivision Juvenile literature.
9 (RLIN) 25747
650 #0 - SUBJECT ADDED ENTRY--TOPICAL TERM
Topical term or geographic name as entry element Jewish youth
Geographic subdivision Germany
General subdivision History
Chronological subdivision 20th century
Form subdivision Juvenile literature.
9 (RLIN) 25748
650 #0 - SUBJECT ADDED ENTRY--TOPICAL TERM
Topical term or geographic name as entry element Holocaust, Jewish (1939-1945)
Geographic subdivision Germany
Form subdivision Juvenile literature.
9 (RLIN) 25749
650 #0 - SUBJECT ADDED ENTRY--TOPICAL TERM
Topical term or geographic name as entry element Jewish children in the Holocaust
Form subdivision Juvenile literature.
9 (RLIN) 25750
856 42 - ELECTRONIC LOCATION AND ACCESS
Materials specified Publisher description
Uniform Resource Identifier <a href="http://www.loc.gov/catdir/description/schol051/2004051040.html">http://www.loc.gov/catdir/description/schol051/2004051040.html</a>
906 ## - LOCAL DATA ELEMENT F, LDF (RLIN)
a 7
b cbc
c orignew
d 1
e ocip
f 20
g y-gencatlg
942 ## - ADDED ENTRY ELEMENTS (KOHA)
Source of classification or shelving scheme Library of Congress Classification
Koha item type
Holdings
Withdrawn status Lost status Source of classification or shelving scheme Damaged status Home library Current library Shelving location Date acquired Total Checkouts Total Renewals Full call number Barcode Date last seen Date checked out Copy number Price effective from Koha item type
    Library of Congress Classification   Luxembourg Library Luxembourg Library Scholastic Reading Center Section 10/08/2013 3 19 DD 253.5 .B37 2006 LEX0803 01/09/2020 12/09/2019 1 10/08/2013 Books
    Library of Congress Classification   Luxembourg Library Luxembourg Library Scholastic Reading Center Section 10/12/2013     DD 253.5 .B37 2006 SCHO0209 10/12/2013   2 10/12/2013 Books
    Library of Congress Classification   Luxembourg Library Luxembourg Library Scholastic Reading Center Section 10/12/2013     DD 253.5 .B37 2006 SCHO0210 04/18/2017   3 10/12/2013 Books

Hitler youth :

APA

Bartoletti S. C., . (2006). Hitler youth. New York: Scholastic Inc.

Chicago

Bartoletti Susan Campbell, . 2006. Hitler youth. New York: Scholastic Inc.

Harvard

Bartoletti S. C., . (2006). Hitler youth. New York: Scholastic Inc.

MLA

Bartoletti Susan Campbell, . Hitler youth. New York: Scholastic Inc. 2006.

  • Place hold
  • Print
  • Cite
  • Add to your cart (remove)
  • Save record
    BIBTEX Dublin Core MARCXML MARC (non-Unicode/MARC-8) MARC (Unicode/UTF-8) MARC (Unicode/UTF-8, Standard) MODS (XML) RIS
  • More searches
    Search for this title in:
    Other Libraries (WorldCat) Other Databases (Google Scholar) Online Stores (Bookfinder.com) Open Library (openlibrary.org)

Exporting to Dublin Core...

SOUTHVILLE LIBRARY

Southville International School and Colleges Library

1281 Tropical Ave. Cor. Luxembourg St., BF Homes International, Las Pinas City

Tel. No. 8256374 / 252358 Loc. 117/146

Powered by Koha